000 01115cam a22001934a 4500
005 20250605164335.0
008 250528s ||||||||||||||||||||||||d
035 _a23402
040 _aGR-AtMCL
_bgre
_dGR-AtMCL
_eAACR2
245 1 _aDesign and Analysis of an I.C. Engine Pistol for Efficiency and Durability by Using FEA/
260 _c2017
300 _a81
520 _aAbstract, Summary Report, Aim and Objectives, Introduction, Piston Study, Piston, Piston Types, Controlled-Expansion Pistons, Box-Types Pistons, Forged Aluminium Pistons, Piston Material, Piston Geometry, Piston Manufacturing Process, Finite Element Analysis Method, Analysis, Material Selection, Materials Properties, Aluminium-Alloys, Alloy Steel (AISI 4340), Titanium (Ti-6AI-4V), Piston Dimensions, Formulation of Mathematical Approach, Finite Element Analysis, Comparison, Conclusion, Appendices, Meeting Log Forms, Ethical Approval, Project Plan, References, Internet Source, Bibliography.
700 1 _aAdamidis Angelos-Adamos
_98970
700 1 _aGalanis Nikolaos
_98971
942 _cDS
999 _c8425
_d8425